书目信息 |
| 题名: |
电力系统自动化
|
|
| 作者: | 张恒旭 , 王葵 , 石访 编著 | |
| 分册: | ||
| 出版信息: | 北京 机械工业出版社 2021 |
|
| 页数: | 321页 | |
| 开本: | 26cm | |
| 丛书名: | ||
| 单 册: | ||
| 中图分类: | TM76 | |
| 科图分类: | ||
| 主题词: | 电力系统自动化--教材 | |
| 电子资源: | ||
| ISBN: | 978-7-111-68496-1 | |
| 000 | 01158nam0 2200289 450 | |
| 001 | 2232704279 | |
| 005 | 20220930090521.68 | |
| 010 | @a978-7-111-68496-1@dCNY64.00 | |
| 039 | @aA310000SHL@bUCS01004210300@c01002021238198 | |
| 100 | @a20211020d2021 em y0chiy50 ea | |
| 101 | 0 | @achi |
| 102 | @aCN@b110000 | |
| 105 | @aa z 000yy | |
| 200 | 1 | @a电力系统自动化@9dian li xi tong zi dong hua@f张恒旭, 王葵, 石访编著 |
| 210 | @a北京@c机械工业出版社@d2021 | |
| 215 | @a321页@c图@d26cm | |
| 300 | @a“十三五”国家重点出版物出版规划项目 卓越工程能力培养与工程教育专业认证系列规划教材(电气工程及其自动化、自动化专业) | |
| 312 | @a封面英文题名:Automation of electric power systems | |
| 330 | @a本书主要内容包括同步发电机自动并列、励磁自动控制系统,电力系统频率及有功功率的自动调节,电力系统电压调节和无功功率控制技术,电力系统调度自动化、供配电自动化和安全自动装置。 | |
| 510 | 1 | @aUtomation of electric power systems@zeng |
| 606 | 0 | @a电力系统自动化@j教材 |
| 690 | @aTM76@v5 | |
| 701 | 0 | @a张恒旭@9zhang heng xu@4编著 |
| 701 | 0 | @a王葵@9wang kui@4编著 |
| 701 | 0 | @a石访@9shi fang@4编著 |
| 801 | 0 | @aCN@b91MARC@c20211129 |
| 905 | @aZUCC@dTM76@e1 | |
| 电力系统自动化/张恒旭, 王葵, 石访编著.-北京:机械工业出版社,2021 |
| 321页:图;26cm |
| “十三五”国家重点出版物出版规划项目 卓越工程能力培养与工程教育专业认证系列规划教材(电气工程及其自动化、自动化专业) |
| ISBN 978-7-111-68496-1:CNY64.00 |
| 本书主要内容包括同步发电机自动并列、励磁自动控制系统,电力系统频率及有功功率的自动调节,电力系统电压调节和无功功率控制技术,电力系统调度自动化、供配电自动化和安全自动装置。 |
| ● |
| 相关链接 |
|
|
|
正题名:电力系统自动化
索取号:TM76/1
 
预约/预借
| 序号 | 登录号 | 条形码 | 馆藏地/架位号 | 状态 | 备注 |
| 1 | 2000908141 | 2000908141 | 第三书库/ [索取号:TM76/1] | 在馆 | |
| 2 | 2000908142 | 2000908142 | 第三书库/ [索取号:TM76/1] | 在馆 | |
| 3 | 2000908143 | 2000908143 | 第三书库/ [索取号:TM76/1] | 在馆 |